000 00710pam a2200229 a 4500
001 3368258
005 20180103092518.0
008 870731s1988 nyua b 001 0 eng
010 _a 87022996
020 _a0471855561 :
_c$100.00 (est.)
040 _aDLC
_cDLC
_dDLC
041 _aeng
043 _anl-----
080 _a574.51263220977 EVA
082 0 0 _a628 s
_a574.51263220977 EVA
_219
100 _a9
101 _aMJE
245 0 0 _aToxic contaminants and ecosystem health :
_cedited by Marlene S. Evans, assisted by John E. Gannon ... [et. al.].
504 _aIncludes bibliographies and index.
906 _a7
_bcbc
_corignew
_d1
_eocip
_f19
_gy-gencatlg
942 _2ddc
_cBK
999 _c39657
_d39657